00421nam a2200169Ia 4500008004000000020001500040041000800055082001500063100002200078245004000100260004600140300001300186650001400199650001300213650001500226650001000241210210b2010 xxu||||| |||| 00| 0 eng d a0195683595 aeng a658.3 AGAS aAGARWALA (Tanuja) aStrategic human resource management aNew DelhibOxford University Pressc2010 axiii,801 aStrategic aresource amanagement ahuman